| 000 | 00756nam a2200217Ia 4500 | ||
|---|---|---|---|
| 005 | 20241129111104.0 | ||
| 008 | 241129s9999||||xx |||||||||||||| ||und|| | ||
| 020 | _a978-93-89389-16-6 | ||
| 037 | _aTB | ||
| 040 |
_aCRL _bhin _cCRL |
||
| 041 |
_ahin _2hin |
||
| 084 |
_aO152,3N212:g R1 _qCRL |
||
| 100 | _aराकेशरेणु, संपा. | ||
| 245 | 0 |
_aफणीश्वरनाथ रेणु के उपन्यास _cराकेशरेणु, संपा. |
|
| 260 |
_aनई दिल्ली, भारत _bहंस प्रकाशन _c2021 |
||
| 300 | _a187पृ0 | ||
| 365 |
_aINR _b595 |
||
| 650 |
_aHindi LiteratureFiction _9726203 |
||
| 942 |
_cTB _hO152,3N212:g R1 |
||
| 999 |
_c1228874 _d1228874 |
||